=LDR 00000nam 2200000 4500 =001 INLIS000000000000190 =005 20150226073323.0 =006 =007 =008 Ind =035 ##$$0010-061300000000190 =041 ##$$a Ind =082 ##$$a 92(Dewantara) =090 ##$$a 92(Dewantara) Sur k =100 ##$$a Suratman, Darsiti =245 ##$$a Ki Hajar Dewantoro,/ Darsiti Suratman; penyunting, Abdurrahman Suryonihardjo =260 ##$$a Jakarta $b Depdikbut $c 1983 =300 ##$$a x, 170 hlm. : ilus. ; 21 cm =650 ##$$a Dewantara, Ki Hajar, 1888-1959 =700 ##$$a Suryoniharjo, Abdurrahman =850 ##$$a NBPNMAT